000
00221nam a22000857a 4500
999
_c
7085
_d
7085
008
170626b xxu||||| |||| 00| 0 eng d
020
_a
9788124307038
100
_9
3670
_a
Parekh. J. N
245
_a
Wonderful party Snacks
260
_a
New Delhi
_b
Navneet
_c
2006